Kissinger : A biography
Gardado en:
| Autor Principal: | |
|---|---|
| Formato: | Libro |
| Idioma: | Undetermined |
| Publicado: |
New York
Simon & Schuster
1992
|
| Những chủ đề: | |
| Các nhãn: |
Engadir etiqueta
Sen Etiquetas, Sexa o primeiro en etiquetar este rexistro!
|
| Thư viện lưu trữ: | Trung tâm Học liệu Trường Đại học Cần Thơ |
|---|
| LEADER | 00574nam a2200217Ia 4500 | ||
|---|---|---|---|
| 001 | CTU_89714 | ||
| 008 | 210402s9999 xx 000 0 und d | ||
| 082 | |a 973.924092 | ||
| 082 | |b I.73 | ||
| 100 | |a Isaacson, Walter | ||
| 245 | 0 | |a Kissinger : | |
| 245 | 2 | |b A biography | |
| 245 | 0 | |c Walter Isaacson | |
| 260 | |a New York | ||
| 260 | |b Simon & Schuster | ||
| 260 | |c 1992 | ||
| 650 | |a Statesmen,Historians | ||
| 650 | |x Biography,Biography | ||
| 650 | |z United States,United States | ||
| 904 | |i Bằng | ||
| 980 | |a Trung tâm Học liệu Trường Đại học Cần Thơ | ||